Statistics for 2021 Atlanta Braves World Series Roster

Click here to take the quiz!

General Stats

  • This quiz has been taken 85 times
  • The average score is 18 of 26

Answer Stats

NumberPositionAnswer% Correct
#273BAustin Riley
97%
#7SSDansby Swanson
97%
#51BFreddie Freeman
97%
#12BOzzie Albies
97%
#54SPMax Fried
89%
#8OFEddie Rosario
88%
#16CTravis D'Arnaud
88%
#12OFJorge Soler
84%
#50SPCharlie Morton
83%
#22OFJoc Pederson
80%
#92B/SSOrlando Arcia
80%
#33RPA.J. Minter
77%
#21CPWill Smith
77%
#68RPTyler Matzek
72%
#14OFAdam Duvall
70%
#24CWilliam Contreras
66%
#77RPLuke Jackson
64%
#36SPIan Anderson
59%
#30SPKyle Wright
59%
#38OFGuillermo Heredia
56%
#60RPJesse Chavez
50%
#18SPDrew Smyly
42%
#23SS/3BEhire Adrianza
42%
#74RPDylan Lee
36%
#55RPChris Martin
31%
#11OFTerrance Gore
22%

Score Distribution

Percentile by Number Answered

Percent of People with Each Score

Your Score History

You have not taken this quiz